Movies Quiz

Random Movies or Quick Pick Quiz

► Quick Pick: Movies of 1980 Quiz Stats

 Plays Quiz not verified by Sporcle

Score 0/20 Timer 01:00
5 Plays Today
% Correct
Strikes
96.4%
Brothers
96.4%
Five
96.3%
Bull
96%
Daughter
95.2%
People
94.7%
Man
94.5%
Bandit
94.4%
Gordon
94.1%
Crazy
92.5%
% Correct
Chong
91.4%
Countdown
91.2%
City
90.3%
Buffalo
90%
Benjamin
89.4%
States
88.8%
Cowboy
88.4%
Lagoon
87.1%
War
86.7%
Desert
82.3%

You're not logged in!

Compare scores with friends on all Sporcle quizzes.
OR
Log In

Sporcle TV

Today on Sporcle TV


Watch our educational content, quiz creation guides, and fun videos on Sporcle TV.

Show Comments

Extras

Top Quizzes Today


Score Distribution

Your Account Isn't Verified!

In order to create a playlist on Sporcle, you need to verify the email address you used during registration. Go to your Sporcle Settings to finish the process.

Report this User

Report this user for behavior that violates our Community Guidelines.

Details: